Sports Quiz

Random Sports Quiz

World TeamTennis (WTT) Teams Quiz Stats

 Plays Quiz not verified by Sporcle

Challenge
Share
Tweet
Embed
Score 0/10 Timer 03:00
0 Plays Today
Team % Correct
Boston Lobsters
83.3%
New York Buzz
80%
St. Louis Aces
76.7%
New York Sportimes
70%
Washington Kastles
70%
Philadelphia Freedoms
66.7%
Kansas City Explorers
60%
Newport Beach Breakers
60%
Sacramento Capitals
60%
Springfield Lasers
50%

You're not logged in!

Compare scores with friends on all Sporcle quizzes.
OR
Log In

You Might Also Like...

Show Comments

Extras

Created Jul 29, 2010SourceReportNominate

Top Quizzes Today


Score Distribution

Your Account Isn't Verified!

In order to create a playlist on Sporcle, you need to verify the email address you used during registration. Go to your Sporcle Settings to finish the process.

Report this User

Report this user for behavior that violates our Community Guidelines.

Details: